000 01279nam0a22002771 4500
001 rc\2862683
005 20250529210802.0
035 _a(NLR Aleph) 007016731
090 _a5869264
_c5869264
100 _a20110711d1928 |||y0rusy50 ca
101 1 _arus
_cger
102 _aRU
105 _aa z |||||
200 1 _aБоевое применение танков и борьба с ними
_eС 27 рис. и 89 черт. на 9 табл.
_fФ. Хейгль
_gПер. с нем. А. Таубе
_gПод ред. С. Деревцова
210 _aМосква
_aЛенинград
_cГос. изд-во. Отд. воен. лит.
_d1928
_e[Ленинград]
_gТип. "Печатный двор"
215 _a196 с.
_cил., черт., схем.
_d20х14 см
225 1 _aБиблиотека Иностранной Военной Литературы
300 _aНа обороте тит. л.: "Извлечение из книги "Taschenbuch der tancs. Von Ingenieur Fritz Heigl. München 1927. III. hauptteil: Moderne tanctaktik"
700 1 _aХейгль
_bФ.
_gФриц
702 1 _aТаубе
_bА.
_4730
702 1 _aДеревцов
_bС.
_4340
801 0 _aRU
_bNLR
_gpsbo
801 1 _aRU
_bELAR
_2rusmarc
852 _aNLR
_j46/504
942 _cBOOK
980 _aNB